| Tag |
First Indicator |
Second Indicator |
Subfields |
| LEADER |
00000cam a2200000Ma 4500 |
| 001 |
in00003514713 |
| 006 |
m o d |
| 007 |
cr cn||||||||| |
| 008 |
030312s2003 maua ob 100 0 eng d |
| 005 |
20260420215543.9 |
| 019 |
|
|
|a 56748757
|a 228110901
|a 475474337
|a 646724374
|a 756519572
|a 767447792
|a 771288206
|
| 020 |
|
|
|z 140207414X (alk. paper)
|
| 020 |
|
|
|a 0306487349 (electronic bk.)
|
| 020 |
|
|
|a 9780306487347 (electronic bk.)
|
| 035 |
|
|
|a (OCoLC)614615256
|z (OCoLC)56748757
|z (OCoLC)228110901
|z (OCoLC)475474337
|z (OCoLC)646724374
|z (OCoLC)756519572
|z (OCoLC)767447792
|z (OCoLC)771288206
|
| 040 |
|
|
|a CaPaEBR
|b eng
|c ADU
|d E7B
|d OCLCQ
|d UV0
|d DKDLA
|d OCLCQ
|d N$T
|d YDXCP
|d OCLCQ
|d OCLCF
|d OCLCO
|d OCLCQ
|d UtOrBLW
|
| 049 |
|
|
|a TXAM
|
| 050 |
|
4 |
|a TK7885.7
|b .S98 2003eb
|
| 072 |
|
7 |
|a TEC
|x 008050
|2 bisacsh
|
| 072 |
|
7 |
|a TEC
|x 008030
|2 bisacsh
|
| 072 |
|
7 |
|a COM
|x 036000
|2 bisacsh
|
| 082 |
0 |
4 |
|a 621.39/5
|2 21
|
| 245 |
0 |
0 |
|a System specification & design languages :
|b best of FDL'02 /
|c edited by Eugenio Villar, Jean Mermet.
|
| 246 |
3 |
0 |
|a System specification and design language
|
| 264 |
|
1 |
|a Boston :
|b Kluwer Academic Publishers,
|c [2003]
|
| 264 |
|
4 |
|c ©2003
|
| 300 |
|
|
|a 1 online resource (viii, 340 pages) :
|b illustrations
|
| 336 |
|
|
|a text
|b txt
|2 rdacontent
|
| 337 |
|
|
|a computer
|b c
|2 rdamedia
|
| 338 |
|
|
|a online resource
|b cr
|2 rdacarrier
|
| 490 |
1 |
|
|a The ChDL series
|
| 504 |
|
|
|a Includes bibliographical references.
|
| 588 |
|
|
|a Description based on print version record.
|
| 500 |
|
|
|a Electronic resource.
|
| 650 |
|
0 |
|a Computer hardware description languages
|v Congresses.
|
| 650 |
|
0 |
|a Integrated circuits
|x Very large scale integration
|x Design and construction
|v Congresses.
|
| 650 |
|
4 |
|a Computer hardware description languages.
|
| 650 |
|
4 |
|a Integrated circuits
|x Very large scale integration
|x Design and construction.
|
| 650 |
|
4 |
|a Electronic books.
|
| 650 |
|
7 |
|a TECHNOLOGY & ENGINEERING
|x Electronics
|x Circuits
|x VLSI & ULSI.
|2 bisacsh
|
| 650 |
|
7 |
|a TECHNOLOGY & ENGINEERING
|x Electronics
|x Circuits
|x Logic.
|2 bisacsh
|
| 650 |
|
7 |
|a COMPUTERS
|x Logic Design.
|2 bisacsh
|
| 650 |
|
7 |
|a Computer hardware description languages.
|2 fast
|0 (OCoLC)fst00872153
|
| 650 |
|
7 |
|a Integrated circuits
|x Very large scale integration
|x Design and construction.
|2 fast
|0 (OCoLC)fst00975610
|
| 650 |
|
7 |
|a Electronic books.
|2 local
|
| 653 |
|
|
|a Andre fag (naturvidenskab og teknik)
|a Andre fag.
|
| 655 |
|
7 |
|a Electronic books.
|2 local
|
| 655 |
|
7 |
|a Conference proceedings.
|2 fast
|0 (OCoLC)fst01423772
|
| 700 |
1 |
|
|a Villar, Eugenio.
|
| 700 |
1 |
|
|a Mermet, Jean P.
|
| 710 |
2 |
|
|a SpringerLink (Online service)
|
| 776 |
1 |
8 |
|i Print version:
|t System specification & design languages.
|d Boston : Kluwer Academic Publishers, c2003
|w (DLC) 2003047401
|
| 830 |
|
0 |
|a ChDL series.
|
| 856 |
4 |
0 |
|u http://proxy.library.tamu.edu/login?url=https://link.springer.com/10.1007/b105967
|z Connect to the full text of this electronic book
|t 0
|
| 994 |
|
|
|a 92
|b TXA
|
| 999 |
|
|
|a MARS
|
| 999 |
f |
f |
|s e84fbc72-ea7b-3de5-b619-b0d11b1ac6da
|i 5fcb6058-f854-3074-a4d1-5ec17db48417
|t 0
|
| 952 |
f |
f |
|a Texas A&M University
|b College Station
|c Electronic Resources
|s www_evans
|d Available Online
|t 0
|e TK7885.7 .S98 2003eb
|h Library of Congress classification
|
| 998 |
f |
f |
|a TK7885.7 .S98 2003eb
|t 0
|l Available Online
|